000
00282nam a2200109Ia 4500
008
220204s9999 xx 000 0 und d
082
_a
796
_b
ARL
245
0
_a
Oxford companion to sports and games
260
_a
London
_b
Oxford University
_c
1975
700
_a
Arlott, John
942
_c
BK
999
_c
32013
_d
32013